000 00780nam a22002297a 4500
005 20230119115348.0
008 230119s1997 nyuac||gr|||| 00| 0 eng d
020 _a0786863420
040 _aCO-BoUCM
_bspa
_cDeissy Garcia
_dDeissy Garcia
041 0 _aeng
100 _aTaymor, Julie
_951872
245 1 4 _aThe lion king
_bpride rock on Broadway
_cJulie Taymor, Alexis Greene
260 _aNueva York
_bHyperion
_c1997
300 _a190 páginas
_bilustraciones
600 1 0 _aJohn, Elton
_tLion King (Musical)
_9176566
650 _aMusicales
_zNueva York
_9176567
650 0 _998482
_aTeatro musical
650 _aComedias musicales
_9176568
700 1 _9176565
_aGreene, Alexis
942 _2DEWEY
_a17
_cLIBRO
_e1
_h792.642
_mT247l
_n0
999 _c322017
_d322017